Statistiken für Japan-Quiz

Klicken Sie hier um das Quiz zu spielen!

Allgemein

  • Dieses Quiz wurde 6.300 mal gespielt
  • Das Durchschnittsergebnis liegt bei 13 aus 24

Antwortstatistiken

HinweisAntwort% Korrekt
HauptstadtTokio
99%
WährungYen
90%
Name der japanischen ComicsManga
85%
Höchster BergFuji
75%
SpitznameLand der
{aufgehenden} {Sonne}
72%
Alkoholisches Getränk aus poliertem ReisSake
68%
Adliger Krieger des vorindustriellen JapansSamurai
67%
Traditionelle ReligionenBuddhismus
64%
Japanisches Kleid, welches zu förmlichen Anlässen getragen wirdKimono
59%
Ehemalige Hauptstadt und Stadt der TempelKyōto
53%
Zweitbevölkerungsreichste AgglomerationOsaka
52%
HauptinselnHokkaidō
51%
Japanischer Name JapansNihon oder Nippon
47%
Die Stadt Kobe ist bekannt für dieses EssenRindfleisch
45%
NationalsportSumo-Ringen
45%
Beliebtester SportBaseball
43%
Traditionelle UnterhaltungskünstlerinGeisha
42%
HauptinselnHonshū
38%
Berühmter japanischer Kirschbaum (der japanischer Name wird gesucht)Sakura
37%
Ehemaliger Name dieser StadtEdo
35%
Traditionelle ReligionenShintō
30%
Südlichste Präfektur, Geburtsort von KarateOkinawa
24%
HauptinselnKyūshū
20%
HauptinselnShikoku
14%

Verteilung der Resultate

Perzentil nach korrekt beantworteten Fragen

Anzahl Personen mit jedem Resultat

Ihre Resultats-Entwicklung

Sie haben dieses Quiz noch nicht gespielt